000 nam a22 7a 4500
999 _c9214
_d9214
008 180124b ||||| |||| 00| 0 eng d
100 _bCBSE
_95472
245 _aMathematics - X
260 _aNew Delhi
_bCBSE
_c2008